UM Logo

Grammar and idioms self-taught/ (Record no. 7425)

MARC details
000 -LEADER
fixed length control field 00535nam a22001697a 4500
008 - FIXED-LENGTH DATA ELEMENTS--GENERAL INFORMATION
fixed length control field 170909b xxu||||| |||| 00| 0 eng d
020 ## - INTERNATIONAL STANDARD BOOK NUMBER
International Standard Book Number 971-081-246-7
082 ## - DEWEY DECIMAL CLASSIFICATION NUMBER
Classification number DFil 425.07 G99g 1973
100 ## - MAIN ENTRY--PERSONAL NAME
9 (RLIN) 22492
Personal name De Guzman, Maria Odulio.
245 ## - TITLE STATEMENT
Title Grammar and idioms self-taught/
Statement of responsibility, etc. Written and published by Maria Udulio de Guzman.
260 ## - PUBLICATION, DISTRIBUTION, ETC. (IMPRINT)
Place of publication, distribution, etc. Quezon City:
Name of publisher, distributor, etc. National Book Store,
Date of publication, distribution, etc. c1973.
300 ## - PHYSICAL DESCRIPTION
Extent 347 pages;
Dimensions 18 cm.
500 ## - GENERAL NOTE
General note Includes index.
650 #0 - SUBJECT ADDED ENTRY--TOPICAL TERM
9 (RLIN) 22493
Topical term or geographic name as entry element Grammar.
650 #0 - SUBJECT ADDED ENTRY--TOPICAL TERM
9 (RLIN) 22494
Topical term or geographic name as entry element Idioms.
942 ## - ADDED ENTRY ELEMENTS (KOHA)
Source of classification or shelving scheme Dewey Decimal Classification
Koha item type Filipiniana
Holdings
Withdrawn status Lost status Source of classification or shelving scheme Damaged status Not for loan Collection code Home library Current library Date acquired Total Checkouts Full call number Barcode Date last seen Date last checked out Price effective from Koha item type
    Dewey Decimal Classification     Filipiniana UM Digos College - LIC UM Digos College - LIC 09/09/2017 5 DFil 425.07 G99g 1973 18809 05/15/2025 08/02/2018 09/09/2017 Filipiniana